| 000 | 00612nam a2200205 a 4500 | ||
|---|---|---|---|
| 001 | 000011573 | ||
| 005 | 20200929162509.0 | ||
| 008 | 091021t1987 dr r 001 0 spa d | ||
| 040 |
_aDO-SdBNP _bspa _cBNPHU |
||
| 082 |
_a220.6 _bS642v |
||
| 100 | 1 |
_aSmith Evaristo _927401 |
|
| 245 | 1 | 3 |
_aLa verdad / _cEvaristo Smith. |
| 260 |
_aSanto Domingo : _bEstudiante, _c1987. |
||
| 300 |
_a60 p. ; _c21 cm. |
||
| 590 | _aInventariado, 2018/BT | ||
| 650 | 4 |
_aVerdad (teología) _927402 |
|
| 650 | 4 |
_aVerdad y mentira _91194 |
|
| 650 | 4 |
_aInterpretación de la biblia _91107 |
|
| 910 | _aValidado. Control de calidad. EMS | ||
| 999 |
_c11268 _d11268 |
||